The concise laws of human nature / (Record no. 2709)

000 -LEADER
fixed length control field 00616nam a2200241Ia 4500
007 - PHYSICAL DESCRIPTION FIXED FIELD--GENERAL INFORMATION
fixed length control field ta
008 - FIXED-LENGTH DATA ELEMENTS--GENERAL INFORMATION
fixed length control field 230322t2020||||uk | ||gd|||||||1 ||eng||
020 ## - INTERNATIONAL STANDARD BOOK NUMBER
International Standard Book Number 9781788161565
Terms of availability Rs. 399.00
040 ## - CATALOGING SOURCE
Original cataloging agency IMU Kochi Library
Language of cataloging eng
041 0# - LANGUAGE CODE
Language code of text/sound track or separate title eng
044 ## - COUNTRY OF PUBLISHING/PRODUCING ENTITY CODE
MARC country code United Kingdom
082 04 - DEWEY DECIMAL CLASSIFICATION NUMBER
Edition number 23
Classification number 171.2
Item number G835
100 1# - MAIN ENTRY--PERSONAL NAME
Personal name Greene, Robert
245 10 - TITLE STATEMENT
Title The concise laws of human nature /
260 ## - PUBLICATION, DISTRIBUTION, ETC. (IMPRINT)
Place of publication, distribution, etc London:
Name of publisher, distributor, etc Profile Books Ltd,
Date of publication, distribution, etc 2020
300 ## - PHYSICAL DESCRIPTION
Extent 287p
Dimensions 17 cm.
650 #0 - SUBJECT ADDED ENTRY--TOPICAL TERM
Topical term or geographic name as entry element Self-actualization (Psychology)
650 #0 - SUBJECT ADDED ENTRY--TOPICAL TERM
Topical term or geographic name as entry element Self-confidence
650 #0 - SUBJECT ADDED ENTRY--TOPICAL TERM
Topical term or geographic name as entry element Motivation (Psychology)
852 ## - LOCATION/CALL NUMBER
Location IMU Kochi Library
904 ## - LOCAL DATA ELEMENT D, LDD (RLIN)
CATALOGER Akhil Bose
942 ## - ADDED ENTRY ELEMENTS (KOHA)
Item type Books
Holdings
Withdrawn status Lost status Source of classification or shelving scheme Damaged status Not for loan Collection code Permanent location Current location Shelving location Date acquired Source of acquisition Cost, normal purchase price Total Checkouts Total Renewals Full call number Barcode Date last seen Date last borrowed Koha item type Public note
          Management Studies IMU Kochi Library IMU Kochi Library General Stacks 2023-03-22 M/S Technical Bureau India Pvt Ltd (Inv. No. TB3483 Dt. 2023-03-03) 399.00 10 5 171.2 G835 BK006102 2026-03-06 2026-02-17 Books Gen. Shelf-2, Row-4
          Management Studies IMU Kochi Library IMU Kochi Library General Stacks 2023-03-22 M/S Technical Bureau India Pvt Ltd (Inv. No. TB3483 Dt. 2023-03-03) 399.00 6 3 171.2 G835 BK006103 2026-03-13 2026-02-12 Books Gen. Shelf-2, Row-4
          Management Studies IMU Kochi Library IMU Kochi Library General Stacks 2023-03-22 M/S Technical Bureau India Pvt Ltd (Inv. No. TB3483 Dt. 2023-03-03) 399.00 6 1 171.2 G835 BK006104 2026-03-11 2026-02-18 Books Gen. Shelf-2, Row-4


Copyright © All Rights Reserved by Indian Maritime University, Kochi Campus.
For any Suggestions/Query Contact to library or Email: library.kochi@imu.ac.in Ph:(0484)-2989402
(Web OPAC Designed by Rudra Ranjan. Maintained by IMU Kochi Library)

Powered by Koha